Technical reference manual

Guardat en:
Dades bibliogràfiques
Format: Llibre
Idioma:Undetermined
Publicat: 2011
Matèries:
Etiquetes: Afegir etiqueta
Sense etiquetes, Sigues el primer a etiquetar aquest registre!
Thư viện lưu trữ: Trung tâm Học liệu Trường Đại học Cần Thơ
LEADER 00380nam a2200133Ia 4500
001 CTU_239358
008 210402s9999 xx 000 0 und d
082 |a 620.1 
082 |b T255 
245 0 |a Technical reference manual 
260 |c 2011 
650 |a Khoa học vật liệu,Materials science 
910 |a Tuyến 
980 |a Trung tâm Học liệu Trường Đại học Cần Thơ